Представление документа в формате RUSMARC

ПолеНазваниеЗначение
  Тип записи a
  Библиографический уровень m
001 Контрольный номер RU/SLIB/B/208761828
005 Дата корректировки 20210317162632.7
010 Индекс ISBN __
d Цена 90-00
101 Язык документа 0_
a Язык текста rus
200 Заглавие и сведения об ответственности 1_
a Заглавие Дитя - Невидимка
f Первые сведения об ответственности Т. Янссон ; пер. со швед. С. Б. Плахтинского
b Общее обозначение материала Текст
210 Выходные данные 1_
a Место издания Новосибирск
c Издательство Мангазея
d Дата издания 1993
215 Физическое описание __
a Объем 160 с.
606 Тематические рубрики __
a Основная рубрика Художественная литература
606 Тематические рубрики __
a Основная рубрика Литература Европы (произведения)
610 Ключевые слова 0_
a Ключевые слова проза; финская литература; новеллы; детская литература
686 Индексы других классификаций __
a Классификационный индекс 84(4Фин)-4; ст84(4Фин)-4
700 Автор _1
a Фамилия Янссон
b Имя Т.
4 Код отношения 070
702 Вторичная интеллектуальная ответственность _1
a Фамилия Плахтинский
b Имя С. Б.
4 Код отношения Переводчик
4 Код отношения 730
801 Источник записи _0
a Страна RU
b Организация Муниципальное бюджетное учреждение культуры "Централизованная библиотечная система" г. Сургут (Центральная городская библиотека им. А. С. Пушкина)
g Правила каталогизации КиК/Елгина
801 Источник записи _1
a Страна RU
b Организация Муниципальное бюджетное учреждение культуры "Централизованная библиотечная система" г. Сургут (Центральная городская библиотека им. А. С. Пушкина)
g Правила каталогизации КиК/Елгина
852 Данные о местонахождении __
j Шифр хранения 84(4Фин)-4
i Авторский знак Я 65
p Инвентарный номер 49426
901 Тип документа __
t Тип документа m
990 Данные о заказе (DOS) __
j Количество экземпляров (DOS) 2
t N записи в КСУ для И/У (DOS) ретро